00520nam a22001577a 450000500170000000800410001702000180005804100080007608200160008410000250010024500790012526000270020430000230023165000890025470000190034320250327145550.0250327b |||||||| |||| 00| 0 eng d a9781032230528 aeng a343.730 WAN aWang, Zhiqiong June aInternational Trade Regulation: Evolving Dynamics and Shifting Foundations aLodonbRoutledgec2023 a134;. pages: 22 cm aLaw And Legislation; Foreign Trade Regulation; International Business and Law Series aChen, Jianfu